[Event "Milan Crespi op-A 30th"]
[Site "Milan"]
[Date "2009.12.11"]
[Round "8"]
[White "Brunello, Roberta"]
[Black "Tonel, Giulia"]
[Result "0-1"]
[WhiteElo "2016"]
[BlackElo "1967"]
[PlyCount "100"]
[EventDate "2009.12.05"]
[EventType "swiss"]
[EventRounds "9"]
[EventCountry "ITA"]
[SourceTitle "EXT 2012"]
[Source "ChessBase"]
[SourceDate "2011.11.24"]
[SourceVersion "1"]
[SourceVersionDate "2011.11.24"]
[SourceQuality "1"]

1. e4 c5 2. Nf3 Nc6 3. d4 cxd4 4. Nxd4 e5 5. Nb5 d6 6. c4 Be6 7. N1c3 a6 8. Na3 Be7 9. Nc2 Bg5 10. Be2 Bxc1 11. Rxc1 Nge7 12. 0-0 0-0 13. Qd2 Qd7 14. Rfd1 Rad8 15. f4 exf4 16. Qxf4 Ne5 17. Ne3 Qc7 18. Kh1 Rd7 19. Nf5 Rc8 20. b3 Rcd8 21. Nxe7+ Rxe7 22. Nd5 Bxd5 23. Rxd5 Ng6 24. Qg4 Rde8 25. Bf3 h6 26. Rcd1 Re6 27. Qg3 Ne5 28. Qe1 b6 29. Qb4 Rd8 30. c5 bxc5 31. Qa4 a5 32. Qb5 Nc6 33. Qc4 Rde8 34. Qc3 Nb4 35. R5d2 d5 36. a3 dxe4 37. Bg4 Nd3 38. Bxe6 Rxe6 39. Re2 Qd8 40. Rdd2 Qd4 41. Qc2 Qa1+ 42. Qd1 Qxa3 43. Kg1 Qb4 44. h3 Qd4+ 45. Kh1 Rg6 46. Qg1 f5 47. Qxd4 cxd4 48. Rxd3 exd3 49. Re8+ Kf7 50. Rd8 Ke7 0-1

[Event "Milan Crespi op-A 30th"]
[Site "Milan"]
[Date "2009.12.06"]
[Round "3"]
[White "Brunello, Roberta"]
[Black "Tomba, Ivan"]
[Result "0-1"]
[WhiteElo "2016"]
[BlackElo "2283"]
[PlyCount "80"]
[EventDate "2009.12.05"]
[EventType "swiss"]
[EventRounds "9"]
[EventCountry "ITA"]
[SourceTitle "CBM 133 Extra"]
[Source "ChessBase"]
[SourceDate "2010.01.05"]
[SourceVersion "1"]
[SourceVersionDate "2010.01.05"]
[SourceQuality "1"]

1. e4 e6 2. d4 d5 3. e5 c5 4. c3 Nc6 5. Nf3 Bd7 6. a3 f6 7. b4 cxd4 8. cxd4 fxe5 9. Nxe5 Nxe5 10. dxe5 a5 11. Bd3 Qh4 12. bxa5 Bc5 13. Ra2 Nh6 14. h3 0-0 15. 0-0 Nf7 16. Qe2 Bd4 17. Nd2 Nxe5 18. Nb3 Bxf2+ 19. Rxf2 Qxf2+ 20. Qxf2 Rxf2 21. Bxh7+ Kxh7 22. Rxf2 Nd3 23. Rc2 Ba4 24. Rc3 Nxc1 25. Nxc1 Rxa5 26. Ne2 e5 27. Rc7 Bc6 28. Re7 d4 29. Kf2 d3 30. Nc3 Rxa3 31. Nd1 Ra1 32. Ne3 Ra2+ 33. Kf1 e4 34. g3 Kg6 35. Re6+ Kf7 36. Rd6 Re2 37. Nd1 Rh2 38. Nf2 d2 39. Ke2 Bb5+ 40. Ke3 Rxf2 0-1

[Event "EU-ch U18 Girls 19th"]
[Site "Fermo"]
[Date "2009.09.06"]
[Round "6"]
[White "Brunello, Roberta"]
[Black "Andrenko, Irina"]
[Result "1/2-1/2"]
[WhiteElo "1956"]
[BlackElo "2184"]
[PlyCount "102"]
[EventDate "2009.08.31"]
[EventType "swiss"]
[EventRounds "9"]
[EventCountry "ITA"]
[SourceTitle "CBM 132 Extra"]
[Source "ChessBase"]
[SourceDate "2009.11.03"]
[SourceVersion "1"]
[SourceVersionDate "2009.11.03"]
[SourceQuality "1"]

1. e4 c5 2. c3 Nf6 3. e5 Nd5 4. d4 cxd4 5. Nf3 e6 6. cxd4 b6 7. Bc4 Bb7 8. 0-0 Qc7 9. Bb3 d6 10. Bd2 Nd7 11. Nc3 Nxc3 12. Bxc3 dxe5 13. Nxe5 Nxe5 14. dxe5 Qc6 15. f3 Bc5+ 16. Kh1 Rd8 17. Qe2 0-0 18. Rfd1 Qc7 19. Rac1 Qe7 20. Rc2 Rxd1+ 21. Qxd1 Qh4 22. Re2 Rd8 23. Qe1 Qf4 24. Bd2 Qf5 25. Bc3 Qh5 26. Rd2 Rf8 27. Bc2 a5 28. Qe2 Bd5 29. b3 Rc8 30. Be4 Bxe4 31. Qxe4 Qg6 32. Qxg6 hxg6 33. g3 Kf8 34. Kg2 Ke7 35. Kf1 Ra8 36. Ke2 Rh8 37. Kd3 Bg1 38. h4 Rd8+ 39. Ke2 Rc8 40. Rc2 Kd7 41. Kd3 Rc5 42. Rg2 Rd5+ 43. Kc2 Be3 44. a4 Kc6 45. Re2 Bd4 46. Re4 Bf2 47. Rg4 Rc5 48. Kd3 Rd5+ 49. Kc2 Rc5 50. Kd3 Rd5+ 51. Kc2 Rc5 1/2-1/2